Berlin und Brandenburg (Record no. 347)

MARC details
000 -CABECERA
campo de control de longitud fija 00843nam a2200229 a 4500
001 - NÚMERO DE CONTROL
campo de control BRCA_412
005 - FECHA Y HORA DE LA ÚLTIMA TRANSACCIÓN
campo de control 20190320203010.0
008 - DATOS DE LONGITUD FIJA--INFORMACIÓN GENERAL
campo de control de longitud fija 940217s1992 gw ab c 000 0 ger
020 ## - NÚMERO INTERNACIONAL ESTÁNDAR DEL LIBRO
Número Internacional Estándar del Libro 3893224971 (Buchhandelsausg)
040 ## - FUENTE DE LA CATALOGACIÓN
Centro catalogador/agencia de origen DLC
Centro/agencia transcriptor DLC
Centro/agencia modificador DLC
050 #4 - SIGNATURA TOPOGRÁFICA DE LA BIBLIOTECA DEL CONGRESO
Número de clasificación NK4100
Número de documento/Ítem .B47 1992
245 10 - MENCIÓN DE TÍTULO
Título Berlin und Brandenburg
Resto del título Keramik der 20er und 30er Jahre
250 ## - MENCIÓN DE EDICIÓN
Mención de edición Keramik-Museum Berlin.
260 ## - PUBLICACIÓN, DISTRIBUCIÓN, ETC.
Lugar de publicación, distribución, etc. Stuttgart
Nombre del editor, distribuidor, etc. Cantz
Fecha de publicación, distribución, etc. 1992.
300 ## - DESCRIPCIÓN FÍSICA
Extensión 260 p.
Otras características físicas il. (algunas a color), mapa
Dimensiones 29 cm.
440 #0 - MENCIÓN DE SERIE/PUNTO DE ACCESO ADICIONAL--TÍTULO
Título Mñkische Ton-Kunst ;
Designación de volumen o secuencia Bd. 2
9 (RLIN) 1403
500 ## - NOTA GENERAL
Nota general Título del lomo : Keramik.
500 ## - NOTA GENERAL
Nota general Catálogo de la exposición realizada en el Förderrerein Keramik Museum (Berlín), 15 Octubre 1992, 5 de Enero 1993.
504 ## - NOTA DE BIBLIOGRAFÍA, ETC.
Nota de bibliografía, etc. Bibliografía : p. 258-259.
650 14 - PUNTO DE ACCESO ADICIONAL DE MATERIA--TÉRMINO DE MATERIA
Término de materia o nombre geográfico como elemento de entrada Cerámica alemana
Subdivisión de forma Exposiciones
Subdivisión cronológica Siglo XX
Subdivisión geográfica Alemania.
9 (RLIN) 1404
942 ## - ELEMENTOS DE PUNTO DE ACCESO ADICIONAL (KOHA)
Fuente del sistema de clasificación o colocación Library of Congress Classification
Tipo de ítem Koha Libros
Holdings
Estado de retiro Estado de pérdida Estado dañado No para préstamo Localización permanente Ubicación/localización actual Fecha de adquisición Total de préstamos Signatura topográfica completa Código de barras Fecha visto por última vez Precio válido a partir de Tipo de ítem Koha
El ejemplar forma parte de la colección y puede ser consultado según las políticas vigentes.       Biblioteca del Museo Franz Mayer (Rogerio Casas-Alatriste) Biblioteca del Museo Franz Mayer (Rogerio Casas-Alatriste) 25/06/2008   NK4100 .B47 1992 00713 22/03/2019 22/03/2019 Libros